[Event "USA U16 K8 op"]
[Site "Grapevine"]
[Date "2019.04.27"]
[Round "3"]
[White "He, Stephen"]
[Black "Gundam, Rohit"]
[Result "0-1"]
[WhiteElo "1561"]
[BlackElo "1908"]
[PlyCount "137"]
[EventDate "2019.04.26"]
[EventType "swiss"]
[EventRounds "7"]
[EventCountry "USA"]
[SourceTitle "CBM 190 Extra"]
[Source "ChessBase"]
[SourceDate "2019.07.15"]
[SourceVersion "1"]
[SourceVersionDate "2019.07.15"]
[SourceQuality "1"]

1. e4 e6 2. d4 d5 3. Nd2 Nc6 4. Ngf3 Nf6 5. e5 Nd7 6. Bd3 Nb4 7. Be2 c5 8. c3 Nc6 9. 0-0 cxd4 10. cxd4 Qb6 11. Nb3 a5 12. Rb1 Be7 13. Na1 f6 14. Bf4 fxe5 15. Bxe5 Ndxe5 16. dxe5 0-0 17. Bd3 Nb4 18. a3 Nxd3 19. Qxd3 Bd7 20. Qb3 Qxb3 21. Nxb3 a4 22. Nbd4 Rfc8 23. Rfc1 g5 24. g4 h6 25. Kf1 b6 26. Ke2 Bc5 27. h3 Rf8 28. Rc3 Rf4 29. Rd1 Raf8 30. b4 axb3 31. Rd2 Bxa3 32. Rxb3 Bc5 33. Kf1 Kf7 34. Ne2 Ra4 35. Kg2 Ke7 36. Ned4 Be8 37. Nb5 Bxb5 38. Rxb5 Ra3 39. Nd4 Bxd4 40. Rxd4 Ra2 41. Rxb6 Rfxf2+ 42. Kg3 Rfb2 43. Rxb2 Rxb2 44. Ra4 Rb3+ 45. Kf2 Rb2+ 46. Kf3 Rh2 47. Ra7+ Kd8 48. Ra6 Rxh3+ 49. Kf2 Kd7 50. Ra7+ Kc6 51. Ra6+ Kc5 52. Rxe6 Kd4 53. Re8 Ra3 54. e6 Ra7 55. e7 Ke5 56. Kf3 d4 57. Ke2 Ke4 58. Kd2 Ra2+ 59. Kc1 Ra7 60. Kd2 Rc7 61. Kd1 Ke3 62. Rh8 Rxe7 63. Rxh6 Kf4 64. Kd2 Kxg4 65. Kd3 Rd7 66. Rh1 Kf3 67. Rf1+ Kg2 68. Re1 g4 69. Re2+ 0-1